<?xml version="1.0" encoding="UTF-8"?>
<collection xmlns="http://www.loc.gov/MARC21/slim">
 <record>
  <leader>01082nam a22002057a 4500</leader>
  <controlfield tag="001">NCT_148828</controlfield>
  <controlfield tag="008">230414b        xxu||||| |||| 00| 0 vie d</controlfield>
  <datafield tag="999" ind1=" " ind2=" ">
   <subfield code="c">7670</subfield>
   <subfield code="d">7670</subfield>
  </datafield>
  <datafield tag="041" ind1="0" ind2=" ">
   <subfield code="a">vie</subfield>
  </datafield>
  <datafield tag="082" ind1="0" ind2="4">
   <subfield code="2">23rd ed.</subfield>
   <subfield code="a">915.97</subfield>
   <subfield code="b">H546</subfield>
  </datafield>
  <datafield tag="245" ind1="0" ind2="0">
   <subfield code="a">Bản tin VNA Spirit :</subfield>
   <subfield code="b">An insight into life at Vietnam Airlines</subfield>
   <subfield code="n">No 4</subfield>
   <subfield code="c">Vietnam airlines</subfield>
  </datafield>
  <datafield tag="260" ind1=" " ind2=" ">
   <subfield code="a">H.</subfield>
   <subfield code="b">Vietnam airlines</subfield>
   <subfield code="c">2022</subfield>
  </datafield>
  <datafield tag="300" ind1=" " ind2=" ">
   <subfield code="c">29 cm</subfield>
  </datafield>
  <datafield tag="310" ind1=" " ind2=" ">
   <subfield code="a">Tháng 1 kỳ</subfield>
  </datafield>
  <datafield tag="520" ind1="3" ind2=" ">
   <subfield code="a">Nội dung số này trình bày: hàng không thế giới bước qua &quot;miền tối-sáng&quot;; chi thỏa đáng, nhận thỏa mãn; cùng Vietnam Airlines vi vu tới Ấn Độ; triển vọng phục hồi của Hàng không Việt Nam,...</subfield>
  </datafield>
  <datafield tag="655" ind1=" " ind2=" ">
   <subfield code="a">Tạp chí</subfield>
  </datafield>
  <datafield tag="942" ind1=" " ind2=" ">
   <subfield code="2">ddc</subfield>
   <subfield code="c">CR</subfield>
  </datafield>
  <datafield tag="952" ind1=" " ind2=" ">
   <subfield code="0">0</subfield>
   <subfield code="1">0</subfield>
   <subfield code="2">ddc</subfield>
   <subfield code="4">0</subfield>
   <subfield code="6">915_970000000000000_H546</subfield>
   <subfield code="7">0</subfield>
   <subfield code="9">27524</subfield>
   <subfield code="a">000001</subfield>
   <subfield code="b">000001</subfield>
   <subfield code="d">2023-04-14</subfield>
   <subfield code="o">915.97 H546</subfield>
   <subfield code="r">2023-04-14</subfield>
   <subfield code="w">2023-04-14</subfield>
   <subfield code="y">CR</subfield>
  </datafield>
  <datafield tag="952" ind1=" " ind2=" ">
   <subfield code="0">0</subfield>
   <subfield code="1">0</subfield>
   <subfield code="2">ddc</subfield>
   <subfield code="4">0</subfield>
   <subfield code="6">915_970000000000000_H546</subfield>
   <subfield code="7">0</subfield>
   <subfield code="9">27525</subfield>
   <subfield code="a">000001</subfield>
   <subfield code="b">000001</subfield>
   <subfield code="d">2023-04-14</subfield>
   <subfield code="o">915.97 H546</subfield>
   <subfield code="r">2023-04-14</subfield>
   <subfield code="w">2023-04-14</subfield>
   <subfield code="y">CR</subfield>
  </datafield>
  <datafield tag="980" ind1=" " ind2=" ">
   <subfield code="a">Thư viện Trường Đại học Nam Cần Thơ</subfield>
  </datafield>
 </record>
</collection>
